MDQL
is popping MORE tags! Check the
thread
!
Quizzes
Events
Quiz Creation
Community
Videos
Private Events
Remove Ads
Sign In
Join for FREE
Feedback
Dark Mode
Quiz Categories
Sports
Geography
Music
Movies
Television
Just For Fun
Miscellaneous
History
Literature
Language
Science
Gaming
Entertainment
Religion
Holiday
For Kids
Quiz Lab
Recent
Popular Today
Quiz Kudos Today
Editor Picks
Curator Picks
Quizzes by...
Day
Popularity
Type
Ratings
Length
Year
Community
Subscriptions
Recent Discussions
Orange Saloon
Badges
Playlists
Quests
Create
Leaderboards
Showdown
Live 5
Trivia Bingo
Activity
Puzzle Library
Sporcle Events
Private Events
Virtual Trivia
Globe League
Become a Host
Pub Owners
SporcleCon
Opinionation
Our Games
Videos
Blog
Mobile Apps
Partnerships
Remove Ads and Go Orange
Feedback
Movies
Disney
Marvel Cinematic Universe
Movie Resume
Movie Titles
Oscar
Actor
Actress
Director
Pixar
Role
Movie Quotes
Movie Characters
Box Office
Nominee
Best Picture
Star Wars
James Bond
Horror Movies
Movies
Disney
Marvel Cinematic Universe
Movie Resume
Movie Titles
Oscar
Actor
Actress
Director
Pixar
Role
Movie Quotes
Movie Characters
Box Office
Nominee
Best Picture
Star Wars
James Bond
Horror Movies
Random Quiz
Search Sporcle
×
Quiz Lab
Quiz Lab
Movies
Disney
Type in answers that appear in a list
Type in answers that appear in a list
Classic
Best Score? Go Orange.
Guess the Disney Villain by the quote given!!!! Stats
Can you name the Guess the Disney Villain by the quote given!!!!?
By
LoveDisney123
5m
20 Questions
620 Plays
620 Plays
620 Plays
Comments
Comments
Give Quiz Kudos
Give Quiz Kudos
-
- Ratings
hide this ad
Replay
Link that replays current quiz
Next Quiz
Link to next quiz in quiz playlist
You Got
0%
They Got
Avg Score
67%
Avg Friend Score
Upgrade to see
Score Distribution
Jump to the score distribution portion of the page
Score
0/20
Timer
05:00
0
Plays Today
Quote
Person
% Correct
'The heart of a pig, then I've been tricked!'
Queen
84.7%
'I despise guessing games.'
Scar
83.5%
'I tire of your arrogance, old man! Bow to Me!'
Shan Yu
83.2%
'How many times do I have to kill you boy?'
Jafar
82.6%
'Off with her head!'
Queen of Hearts
82.5%
' All right, drown the little beasts, see if I care!'
Cruella De Vil
81.3%
'Only one thing, you'll be dead before you get to her! That's not going to be a problem is it?'
Hades
80.6%
'I have given my word. Not to harm a single hair on *title character's* head!'
Captain Hook
78.2%
'Of course, I said, if.'
Lady Tremaine
77.1%
'She would make a charming addition to my little garden!'
Ursula
76.8%
Quote
Person
% Correct
'Look in the mirror, I see a strong, confident beautiful lady! Oh look, you're here too!'
Mother Gothel
71.2%
'We are siamese if you please!'
Si and Am
70.2%
'Now I'm going to close my eyes and count to ten. It makes the chase more interesting...for me!'
Shere Khan
69.2%
'Even if you hadn't grown up to be a savage, you'd be lost!'
Clayton
65%
'And when you are growing too old, you will make good firewood!'
Stromboli
60.2%
'God have mercy on her, God have mercy on me, but she will be mine or she will BURN!'
Claude Frollo
60%
'It's evil power will course through my veins, and I shall make you cauldron born!'
The Horned King
57.2%
'So lad, did you know I can make myself even uglier yet!'
Madame Mim
45.8%
'Well I'll just have to take it by force then, won't I?'
Governor Ratcliffe
44.3%
'Let's start with the girl who started it all, shall we?'
Queen Narcissa
13%
Quiz Playlist
Details
Report
Send in Message
Add To Playlist
Classic:
Type in answers that appear in a list
Last Updated: Feb 16, 2017
Quiz Scoreboard
CHALLENGE
Sign Up to Join the Scoreboard
Show All
Scores
Hide
Comments
May contain spoilers
Recently Published
Image Sorting: Flags VI
by Barbecue
Geography
2m
Find the 'City' Movie
by crazypaving
Movies
60s
Colored Red Africa Blitz
by spor1
Geography
45s
More to Explore
Quiz From the Vault
Featured Blog Post
14 Easter Pick-up Lines to Find Eggs With
hide this ad
You Might Also Like...
Tags
Disney Quiz
Quote Quiz
Person
Villains
Today's Top Quizzes in Movies
Browse Movies
hide this ad
Today's Top Quizzes in Disney
Browse Disney
Top Contributed Quizzes in Movies
1
Find The 'Big' Movie
2
Find The 'Wild' Movie
3
Find The 'Blue' Movie
4
Movies By Plot
5
Hidden Star Wars Character II
6
Pick 5 Posters: Directed by Spielberg
7
The ultimate James Bond movie quiz
8
Hidden Star Wars Character III
9
Hidden Star Wars Character IV
10
25 Best Actor Nominees (1990s)
Explore More
Trending Topics
Kpop
Disney
NBA
Marvel
Harry Potter
Anime
Crossword
The Office
Soccer
Pokémon
NFL
Song
Puzzle
Country
WWE
hide this ad
More By:
LoveDisney123
Quiz
Plays
Rating
Category
Featured
Created
Guess the Disney Villain by the quote given!!!!
620
1.80
Movies
Feb 26, 2012
Go to Creator's Profile
Score Distribution
Quiz Creator Spotlight
LoveDisney123
Follow
Send a Message
Quizzes Created
-
Created Quiz Play Count
-
More By This Creator
Popular Quizzes Today
1
Colored Red Africa Blitz
2
Find the US States - No Outlines Minefield
3
Find the 'City' Movie
4
5x2 Blitz: Bands
5
The Countries of the World
6
Find the US States
7
Find the Countries of Europe - No Outlines Minefield
8
US States
More Movies Quizzes
Erase 100 'G' One Word Movies
Editor's Pick
Trending Quizzes
Colored Red Europe Blitz I
Colored Red Europe Blitz II
Colored Red Africa Blitz II
Colored Red Europe Blitz III
Colored Red Africa Blitz III
Recently Updated
How Do You Spell That?
pecheneg
Godzilla Movies
pecheneg
Grab Bag: 4-10 Letters
pecheneg
2024 March Madness Bracket
pecheneg
Famous TV Couples
Peacemaker
Champions League XIs: Real Madrid
pecheneg
Largest US Cities 1790-2010
pecheneg
Rides in Walt Disney World
pecheneg
Most Oscar Losses (Acting)
pecheneg
Beyoncé Albums
pecheneg
Trending Topics
Anime
NBA
Kpop
Crossword
Marvel
Disney
Harry Potter
NFL
Soccer
The Office
Song
Puzzle
WWE
Country
Pokémon
Your Account Isn't Verified!
In order to create a playlist on Sporcle, you need to verify the email address you used during registration. Go to your
Sporcle Settings
to finish the process.
Report this User
Report this user for behavior that violates our
Community Guidelines
.
Details:
Send Report
Go to the Sporcle.com Mobile Site →
Comments